Insane Demon by Letter - # - Statistics

General Stats
  • This quiz has been taken 9 times
    7 since last reset
  • The average score is 9 of 10
Answer Stats
Hint Answer % Correct
10 10
100%
64 64
100%
8o 8o
100%
9St 9Step
100%
9Th 9Theory
100%
10H 10HEX
83%
192 1929
83%
4 M 4 Matilda
83%
19 19 Step
50%
8E8 8E8E6
50%
No matching quizzes found
Score Distribution
Percent of People with Each Score
Percentile by Number Answered
Your Score History
You have not taken this quiz since the last reset